Tres campañas nacionales y una crítica falaz : V. 1 /

محفوظ في:
التفاصيل البيبلوغرافية
المؤلف الرئيسي: Iglesias Calderón, Fernando (autor)
التنسيق: كتاب
اللغة:الإسبانية
منشور في: México : Tipografía Económica, 1906, c1906
الوسوم: إضافة وسم
لا توجد وسوم, كن أول من يضع وسما على هذه التسجيلة!

MARC

LEADER 00000nam^a2200000^a^4500
001 000432131
005 20250526000000.0
009 20260310123008.107
037 |a Acervo ITESO - Biblioteca 
041 |a ESP 
091 |a FHM. 05876 
100 |a Iglesias Calderón, Fernando  |e (autor) 
245 1 0 |a Tres campañas nacionales y una crítica falaz :  |b V. 1 / 
264 4 |a México :  |b Tipografía Económica,  |c 1906, c1906 
300 |a XV, 383 p. ;  |c 24.0 cm. 
336 |a texto  |b txt  |2 rdacontenido 
337 |a sin mediación  |b n  |2 rdamedio 
338 |a volumen  |b nc  |2 rdasoporte 
649 |a XX 
910 |a Fondo Hugo B. Margáin 
920 |a Impresos - Libros 
930 |a Libros Antiguos y Raros 
905 |a 126 
901 |a 0500315912  |b IT2  |c LRA  |i D106559  |u 20250526 
902 |a https://opac.biblio.iteso.mx/vufind/Record/000432131